<?xml version="1.0" encoding="UTF-8"?>
<record
    xmlns:xsi="http://www.w3.org/2001/XMLSchema-instance"
    xsi:schemaLocation="http://www.loc.gov/MARC21/slim http://www.loc.gov/standards/marcxml/schema/MARC21slim.xsd"
    xmlns="http://www.loc.gov/MARC21/slim">

  <leader>00665nam a22001697a 4500</leader>
  <datafield tag="999" ind1=" " ind2=" ">
    <subfield code="c">114324</subfield>
    <subfield code="d">114324</subfield>
  </datafield>
  <controlfield tag="005">20191113094621.0</controlfield>
  <controlfield tag="008">191022b           ||||| |||| 00| 0 eng d</controlfield>
  <datafield tag="020" ind1=" " ind2=" ">
    <subfield code="a">9789696520597</subfield>
  </datafield>
  <datafield tag="040" ind1=" " ind2=" ">
    <subfield code="c">PK-LaUMT</subfield>
  </datafield>
  <datafield tag="082" ind1=" " ind2=" ">
    <subfield code="a">MSC 923.1</subfield>
    <subfield code="b">BAH-B</subfield>
  </datafield>
  <datafield tag="100" ind1=" " ind2=" ">
    <subfield code="a">Bahadur Shah Zafar = &#x628;&#x6C1;&#x627;&#x62F;&#x631; &#x634;&#x627;&#x6C1; &#x638;&#x641;&#x631;</subfield>
  </datafield>
  <datafield tag="245" ind1=" " ind2=" ">
    <subfield code="a">Badshahi se jilawatni s-Bahadur Shah Zafar =  &#x628;&#x627;&#x62F;&#x634;&#x627;&#x6C1;&#x6CC; &#x633;&#x6D2; &#x62C;&#x644;&#x627; &#x648;&#x637;&#x646;&#x6CC; &#x6D4; &#x628;&#x6C1;&#x627;&#x62F;&#x631; &#x634;&#x627;&#x6C1; &#x638;&#x641;&#x631; /</subfield>
    <subfield code="c">by Bahadur Shah Zafar; compiled by Farrukh Sohail Goindi = &#x627;&#x632; &#x628;&#x6C1;&#x627;&#x62F;&#x631; &#x634;&#x627;&#x6C1; &#x638;&#x641;&#x631;&#x61B; &#x645;&#x631;&#x62A;&#x628; &#x641;&#x631;&#x62E; &#x633;&#x6C1;&#x6CC;&#x644; &#x6AF;&#x648;&#x626;&#x646;&#x62F;&#x6CC;</subfield>
  </datafield>
  <datafield tag="260" ind1=" " ind2=" ">
    <subfield code="a">Lahore :</subfield>
    <subfield code="b">Jumhoori Publications,</subfield>
    <subfield code="c">2016</subfield>
  </datafield>
  <datafield tag="300" ind1=" " ind2=" ">
    <subfield code="a">160 p.</subfield>
  </datafield>
  <datafield tag="546" ind1=" " ind2=" ">
    <subfield code="a">Urdu</subfield>
  </datafield>
  <datafield tag="942" ind1=" " ind2=" ">
    <subfield code="c">BK</subfield>
  </datafield>
  <datafield tag="952" ind1=" " ind2=" ">
    <subfield code="0">0</subfield>
    <subfield code="1">0</subfield>
    <subfield code="4">0</subfield>
    <subfield code="7">0</subfield>
    <subfield code="a">01</subfield>
    <subfield code="b">01</subfield>
    <subfield code="d">2019-10-22</subfield>
    <subfield code="l">0</subfield>
    <subfield code="o">MSC 923.1 BAH-B</subfield>
    <subfield code="p">112588</subfield>
    <subfield code="r">2019-10-22 00:00:00</subfield>
    <subfield code="w">2019-10-22</subfield>
    <subfield code="y">BK</subfield>
  </datafield>
</record>
